000 01137nam a22002297a 4500
999 _c21209
_d21209
003 AR-CdUCM
008 190306b ||||| |||| 00| 0 spa d
040 _aMUNICIPALIDAD PROVINCIAL DEL CUSCO
_cBIBLIOTECA MUNICIPAL DEL CUSCO
082 _a985.61 / V17N
_bV17N
100 _aValcercel, Luis E.
_910571
245 _aNarraciones y leyendas Incas :
_bAntología de cronistas y autores modernos /
260 _aCusco :
_bInkari,
_c2018.
300 _a128 páginas ;
_c17 cm.
440 _aAutores Andinos amazónicos
_944301
505 _aContenido: El matador de la serpiente alada -- Obediencia -- Los siete hijos de Katu -- La ciudad sumergida -- La princesa burlada -- La achirana del Inca -- Los incas ajedrecistas -- Historia de Miguel Wayapa -- La amante del cóndor -- Fábula del origen de los incas -- Las cuatro edades -- Las aves mujeres -- La venida del Ñaymlap -- Cauillaca -- Los amores de Acoytrapa -- Los amores de Quilaco y Curicoillur.
650 _aIncas
_9303
650 _aCuentos andinos
_966
650 _aLiteratura Quechua
_97789
650 _aLeyendas Incas
_933437
942 _2ddc
_cLIBROS
945 _aRoel